[Event "ROM-ch U10"]
[Site "Calimanesti Caciulata"]
[Date "2016.04.25"]
[Round "9"]
[White "Zaharia, Pavel Darius"]
[Black "Rata, Andrei"]
[Result "1/2-1/2"]
[WhiteElo "1494"]
[BlackElo "1320"]
[PlyCount "30"]
[EventDate "2016.04.18"]
[EventType "swiss"]
[EventRounds "9"]
[EventCountry "ROU"]
[SourceTitle "EXT 2017"]
[Source "ChessBase"]
[SourceDate "2016.10.25"]
[SourceVersion "1"]
[SourceVersionDate "2016.10.25"]
[SourceQuality "1"]

1. d4 d5 2. c4 e6 3. cxd5 exd5 4. Nc3 Be6 5. Bf4 Bb4 6. e3 Nf6 7. Bd3 0-0 8. Nge2 Re8 9. 0-0 Bg4 10. Nb5 Bh5 11. Qb3 Na6 12. Rac1 Bxe2 13. Bxe2 Ne4 14. Nc3 Nxc3 15. bxc3 Bd6 1/2-1/2

[Event "ROM-ch U10"]
[Site "Calimanesti Caciulata"]
[Date "2016.04.23"]
[Round "7"]
[White "Zaharia, Pavel Darius"]
[Black "Tablan, Andrei Damian"]
[Result "0-1"]
[WhiteElo "1494"]
[BlackElo "1331"]
[PlyCount "72"]
[EventDate "2016.04.18"]
[EventType "swiss"]
[EventRounds "9"]
[EventCountry "ROU"]
[SourceTitle "CBM 172 Extra"]
[Source "ChessBase"]
[SourceDate "2016.06.21"]
[SourceVersion "1"]
[SourceVersionDate "2016.06.21"]
[SourceQuality "1"]

1. d4 Nf6 2. c4 e6 3. Nc3 d5 4. cxd5 exd5 5. Bf4 c6 6. a3 Bf5 7. e3 Bd6 8. Bxd6 Qxd6 9. Bd3 Bg6 10. Nf3 0-0 11. 0-0 Nbd7 12. h3 Ne4 13. Bxe4 Bxe4 14. Nxe4 dxe4 15. Nd2 f5 16. Rc1 Kh8 17. Qb3 Rab8 18. Nc4 Qe6 19. Nd2 Qh6 20. d5 Rf6 21. dxc6 bxc6 22. Qc3 Rg6 23. Kh2 Nf6 24. f3 Qg5 25. Rg1 Qg3+ 26. Kh1 Rh6 27. Nf1 Qg6 28. Qxc6 Rxb2 29. Qa8+ Ng8 30. Rc8 Qf7 31. Ng3 exf3 32. Qxf3 Qd7 33. Qa8 Qe6 34. Re8 Qa2 35. Rd8 Rxh3+ 36. gxh3 Rh2# 0-1

[Event "ROM-ch U08"]
[Site "Calimanesti"]
[Date "2015.04.05"]
[Round "8"]
[White "Nastore, Pavel Alexandru"]
[Black "Zaharia, Pavel Darius"]
[Result "0-1"]
[WhiteElo "1192"]
[BlackElo "1096"]
[PlyCount "97"]
[EventDate "2015.03.30"]
[EventType "swiss"]
[EventRounds "9"]
[EventCountry "ROU"]
[SourceTitle "CBM 165 Extra"]
[Source "ChessBase"]
[SourceDate "2015.04.21"]
[SourceVersion "1"]
[SourceVersionDate "2015.04.21"]
[SourceQuality "1"]

1. e4 e6 2. d4 d5 3. exd5 exd5 4. Nf3 Nf6 5. Bd3 Bd6 6. Nc3 0-0 7. 0-0 b6 8. Bg5 Ba6 9. Bxa6 Nxa6 10. Nxd5 Bxh2+ 11. Nxh2 Qxd5 12. Bxf6 gxf6 13. Ng4 Qg5 14. Ne3 Kh8 15. c3 Rg8 16. Qc2 Rae8 17. f4 Qh5 18. Qd1 Qg6 19. Rf2 Rxe3 20. Qd2 Qd3 21. Qxd3 Rxd3 22. Kf1 Re3 23. Re1 Rxe1+ 24. Kxe1 Re8+ 25. Kd2 Nb8 26. Re2 Rxe2+ 27. Kxe2 Kg7 28. Kf3 f5 29. a3 Nc6 30. Ke3 Kg6 31. Kf3 Na5 32. Ke2 Nc4 33. b3 Nxa3 34. Kd3 b5 35. Kd2 Kh5 36. Kc1 a5 37. Kb2 b4 38. cxb4 axb4 39. d5 Kg4 40. Kc1 Kxf4 41. Kd2 Kg3 42. Kd3 Kxg2 43. Kd4 f4 44. Kc5 f3 45. Kc6 f2 46. Kxc7 f1Q 47. d6 Nb5+ 48. Kd7 Nxd6 49. Kxd6 0-1

[Event "ROM-ch U08"]
[Site "Calimanesti"]
[Date "2015.04.04"]
[Round "7"]
[White "Zaharia, Pavel Darius"]
[Black "Ionescu, Mihnea"]
[Result "1-0"]
[WhiteElo "1096"]
[BlackElo "1077"]
[PlyCount "67"]
[EventDate "2015.03.30"]
[EventType "swiss"]
[EventRounds "9"]
[EventCountry "ROU"]
[SourceTitle "CBM 165 Extra"]
[Source "ChessBase"]
[SourceDate "2015.04.21"]
[SourceVersion "1"]
[SourceVersionDate "2015.04.21"]
[SourceQuality "1"]

1. d4 d5 2. c4 e6 3. Nc3 Nf6 4. cxd5 exd5 5. Bf4 Bb4 6. a3 Bd6 7. Bg5 0-0 8. Nxd5 Be7 9. Nxe7+ Qxe7 10. Nf3 Bg4 11. e3 Nc6 12. Bc4 Rad8 13. 0-0 Ne5 14. Bxf6 Nxf3+ 15. Qxf3 Qxf6 16. Qxg4 Qc6 17. Rac1 Qh6 18. Qh3 Qg6 19. Bb3 Qf6 20. Bc2 g6 21. Be4 b5 22. Rxc7 a5 23. Rb7 Rb8 24. Ra7 a4 25. Rc1 Rbc8 26. Rxc8 Rxc8 27. Qxc8+ Kg7 28. Qc6 Qg5 29. Qd5 Qg4 30. Qxf7+ Kh6 31. Qxh7+ Kg5 32. Qxg6+ Kh4 33. Rh7+ Qh5 34. Rxh5# 1-0

[Event "ROM-ch U08"]
[Site "Calimanesti"]
[Date "2015.04.02"]
[Round "4"]
[White "Hejja, Adam Peter"]
[Black "Zaharia, Pavel Darius"]
[Result "0-1"]
[WhiteElo "1246"]
[BlackElo "1096"]
[PlyCount "108"]
[EventDate "2015.03.30"]
[EventType "swiss"]
[EventRounds "9"]
[EventCountry "ROU"]
[SourceTitle "CBM 165 Extra"]
[Source "ChessBase"]
[SourceDate "2015.04.21"]
[SourceVersion "1"]
[SourceVersionDate "2015.04.21"]
[SourceQuality "1"]

1. e4 e6 2. Nf3 d5 3. exd5 exd5 4. Qe2+ Be7 5. d4 Nf6 6. h3 0-0 7. Bg5 Re8 8. Be3 Bf5 9. Nc3 Bb4 10. Qb5 Bxc3+ 11. bxc3 b6 12. Qb4 Bxc2 13. Bb5 c6 14. Rc1 Bg6 15. Be2 Qe7 16. Qxe7 Rxe7 17. 0-0 Nbd7 18. c4 Rc8 19. Rfe1 c5 20. dxc5 bxc5 21. Bg5 Nb6 22. cxd5 Nbxd5 23. Rcd1 Nc3 24. Rd2 Rce8 25. Be3 Nxe2+ 26. Rdxe2 Nd5 27. Nh2 Bd3 28. Rd2 Bc4 29. Ng4 a6 30. Rc2 Nb6 31. Rb1 Bd3 32. Rxb6 Bxc2 33. Rxa6 Bd3 34. Rc6 c4 35. Kh2 h6 36. Kg3 Ra8 37. Bc5 Re6 38. Rc7 c3 39. Be3 c2 40. Rc3 Rxa2 41. Rc8+ Kh7 42. Rc3 Ra8 43. Rc5 Raa6 44. f3 Rac6 45. Rxc6 Rxc6 46. Ne5 Rc3 47. Bd2 f6 48. Nxd3 Rxd3 49. Bf4 Rd1 50. h4 g5 51. hxg5 hxg5 52. Be3 f5 53. Bxg5 c1Q 54. Bxc1 Rxc1 0-1

[Event "ROM-ch U08"]
[Site "Calimanesti"]
[Date "2015.03.30"]
[Round "1"]
[White "Zaharia, Pavel Darius"]
[Black "Paraschiv, Alexandru Stefan"]
[Result "1-0"]
[WhiteElo "1096"]
[BlackElo "1001"]
[PlyCount "83"]
[EventDate "2015.03.30"]
[EventType "swiss"]
[EventRounds "9"]
[EventCountry "ROU"]
[SourceTitle "CBM 165 Extra"]
[Source "ChessBase"]
[SourceDate "2015.04.21"]
[SourceVersion "1"]
[SourceVersionDate "2015.04.21"]
[SourceQuality "1"]

1. d4 d5 2. c4 dxc4 3. e3 e6 4. Bxc4 Nc6 5. Nf3 Bb4+ 6. Bd2 Bxd2+ 7. Nbxd2 Nf6 8. 0-0 0-0 9. Rc1 e5 10. Nb3 Bg4 11. Be2 Bxf3 12. Bxf3 Nb4 13. a3 Na2 14. Ra1 exd4 15. Nxd4 c5 16. Nb3 Qc8 17. Rxa2 c4 18. Nd4 Qc7 19. Qc2 c3 20. Nb5 Qe5 21. Nxc3 Rfc8 22. Bxb7 Qb8 23. Bxc8 Qxc8 24. Rc1 Qc4 25. Qe2 Qb3 26. Qf3 Rd8 27. Rd1 Rxd1+ 28. Qxd1 Qxd1+ 29. Nxd1 h5 30. b4 Ne4 31. f3 Nc3 32. Nxc3 f5 33. Nb5 a6 34. Nc7 Kh8 35. Nxa6 g6 36. Rd2 g5 37. Rd7 g4 38. b5 Kg8 39. b6 Kf8 40. b7 Ke8 41. Rh7 Kf8 42. b8R# 1-0